| 000 | 00534nam a2200169 a 4500 | ||
|---|---|---|---|
| 005 | 20140310183133.0 | ||
| 008 | 970101s19uu xx 00 eng d | ||
| 020 | _a052155928-6 | ||
| 050 |
_aPE 1128 _b.M773 2002 |
||
| 100 | _aMurphy, Raymond | ||
| 245 |
_aEssential Grammar in use / _cRaymond Murphy. |
||
| 260 |
_aUnited Kingdom : _bCambridge University Press, _c2002. |
||
| 300 |
_a300 P. : _bsome col. ill. ; _c25 cm. |
||
| 650 |
_aEnglish language _xgrammar, problems, exercises, etc. |
||
| 942 |
_cBK _2lcc _kFOR |
||
| 999 |
_c19214 _d19214 |
||